Score 0/22 Timer 07:00
0 Plays Today
Strait Island % Correct
Strait of MessinaSicily
68.2%
Straits of FloridaCuba
68.2%
Bass StraitTasmania
63.5%
Strait of MagellanTierra del Fuego
63.5%
East RiverLong Island
61.2%
Strait of DoverGreat Britain
58.8%
Hudson StraitBaffin Island
57.6%
Strait of MalaccaSumatra
54.1%
Strait of Georgia, Strait of Juan de FucaVancouver Island
52.9%
Palk StraitSri Lanka
47.1%
Torres StraitNew Guinea
44.7%
Strait Island % Correct
Korea StraitHonshu
42.4%
Johore StraitSingapore
36.5%
Arthur Kill, Kill van KullStaten Island
34.1%
Oresund (The Sound)Sjaelland
34.1%
Korea StraitKyushu
31.8%
Strait of Belle IsleNewfoundland
25.9%
Tatar StraitSakhalin
22.4%
Northumberland StraitPrince Edward Island
16.5%
Strait of CansoCape Breton Island
15.3%
Dragon's Mouth, Serpent's MouthTrinidad
14.1%
Shelikof StraitKodiak
11.8%
Remove Ads.
Support Sporcle.
Get the best of Sporcle when you Go Orange. This ad-free experience offers more features, more stats, and more fun while also helping to support Sporcle. Thank you for becoming a member.

You're not logged in!

Compare scores with friends on all Sporcle quizzes.
OR
Log In

Show Comments

Extras

Top Quizzes Today


Score Distribution

Your Account Isn't Verified!

In order to create a playlist on Sporcle, you need to verify the email address you used during registration. Go to your Sporcle Settings to finish the process.

Report this User

Report this user for behavior that violates our Community Guidelines.

Details: